One piece : quiz personnages - Statistiques

Statistiques générales
  • Ce quiz a été pris 169 fois
    153 depuis la dernière actualisation
  • Le résultat moyen est 23 sur 26
Statistiques - réponses
Lettre Indice Réponse % Correct
D A m'a donné son chapeau Luffy
99%
C J'ai mangé le fruit de mon défunt frère F Sabo
98%
A J'ai stoppé la guerre au sommet Shanks
98%
F J'ai été battu et livré à la marine par J Ace
97%
K J'ai pour objectif de surpasser T Zoro
96%
Y Je devais me marier avec la fille de H Sanji
94%
R Ma famille est la chose qui compte le plus pour moi Edward Newgate
91%
S J'ai perdu mon titre de grand corsaire à cause de D Crocodile
90%
T Je suis le 1er grand corsaire apparu dans l'œuvre Mihawk
90%
J J'ai tué et volé le fruit de R Teach
90%
H Je faisais parti du même équipage que R et Q Big mom
89%
X Je suis le grand père de D et F Garp
89%
W J'ai battu H avec l'aide de Z Law
89%
Q Je suis la créature la plus forte du monde Kaido
88%
V J'étais le second de R, j'ai affronté M à Marineford Marco
85%
O Je suis le sensei de D Rayleigh
85%
U J'ai tué F et battu L Akainu
84%
L J'ai été battu par U et j'ai rejoint J Aokiji
83%
Z J'ai été battu lamentablement par A qui a coulé mon navire Kidd
83%
G J'ai mené un combat serré contre D, je peux voir dans le futur Katakuri
81%
N Je suis la première personne à avoir blessé Q Oden
80%
B D m'a sauvé la vie en battant P Robin
78%
M J'ai combattu les supernovas à Sabaody Kizaru
77%
E Ma race est très spéciale, j'ai été battu par K King
74%
P Je fais parti d'une organisation qui avait pour but de capturer B Lucci
72%
I J'ai fais une alliance avec Q Doflamingo
68%
Aucun quiz correspondant
Distribution des résultats
% des personnes avec chaque résultat
Percentile par nombre de réponses
Votre historique - résultats
Vous n’avez pas pris ce quiz depuis la dernière actualisation